ASSESSING THE ROLE OF RELIGIOSITY ON THE BEHAVIORAL INTENTION TO BUY ISLAMIC INSURANCE (Record no. 797)

MARC details
000 -LEADER
fixed length control field 01135nam a22003011u 4500
001 - CONTROL NUMBER
control field 03411
003 - CONTROL NUMBER IDENTIFIER
control field HDC
007 - PHYSICAL DESCRIPTION FIXED FIELD--GENERAL INFORMATION
fixed length control field cr bn ---
008 - FIXED-LENGTH DATA ELEMENTS--GENERAL INFORMATION
fixed length control field 210109p2013 my fo d 00 g
040 ## - CATALOGING SOURCE
Original cataloging agency HDC
100 ## - MAIN ENTRY--PERSONAL NAME
Personal name SHAH RIZAL ZAMBAHARI
Relator term author
9 (RLIN) 2749
245 #0 - TITLE STATEMENT
Title ASSESSING THE ROLE OF RELIGIOSITY ON THE BEHAVIORAL INTENTION TO BUY ISLAMIC INSURANCE
Statement of responsibility, etc. by SHAH RIZAL ZAMBAHARI ANIZAH, ZAINUDDIN, SHAHIRAH ARIFFIN & HASMAN ABD MANAN
260 ## - PUBLICATION, DISTRIBUTION, ETC.
Place of publication, distribution, etc. Malaysia:
Name of publisher, distributor, etc. UiTM Malaysia,
Date of publication, distribution, etc. 2013
336 ## - CONTENT TYPE
Content type term text
Source rdacontent
337 ## - MEDIA TYPE
Media type term computer
Source rdamedia
338 ## - CARRIER TYPE
Carrier type term online resource
Source rdacarrier
500 ## - GENERAL NOTE
General note Includes bibliograpgical references and index
650 ## - SUBJECT ADDED ENTRY--TOPICAL TERM
Topical term or geographic name entry element Halal food industry
9 (RLIN) 128
650 ## - SUBJECT ADDED ENTRY--TOPICAL TERM
Topical term or geographic name entry element Halal food
9 (RLIN) 50
650 ## - SUBJECT ADDED ENTRY--TOPICAL TERM
Topical term or geographic name entry element Life policies
9 (RLIN) 2750
700 ## - ADDED ENTRY--PERSONAL NAME
Personal name ANIZAH ZAINUDDIN
Relator term author
9 (RLIN) 323
700 ## - ADDED ENTRY--PERSONAL NAME
Personal name HASMAN ABD MANAN
Relator term author
9 (RLIN) 2752
700 ## - ADDED ENTRY--PERSONAL NAME
Personal name SHAHIRAH ARIFFIN
Relator term author
9 (RLIN) 2751
856 ## - ELECTRONIC LOCATION AND ACCESS
Public note Request full-text at [email protected]
942 ## - ADDED ENTRY ELEMENTS (KOHA)
Source of classification or shelving scheme Library of Congress Classification
942 ## - ADDED ENTRY ELEMENTS (KOHA)
Koha item type Thesis
942 ## - ADDED ENTRY ELEMENTS (KOHA)
Call number prefix THES 000092
Holdings
Withdrawn status Lost status Source of classification or shelving scheme Damaged status Not for loan Home library Current library Shelving location Date acquired Total checkouts Full call number Date last seen Price effective from Koha item type
    Library of Congress Classification     Halal Development Corporation Library Halal Development Corporation Library Open Shelves 24/05/2023   THES 000092 24/05/2023 24/05/2023 Thesis
Halal Development Corporation Berhad (HDC)
5.02 Level 5, KPMG Tower, First Avenue, Persiaran Bandar Utama, 47800 Petaling Jaya, Selangor Darul Ehsan
Phone: +603 7965 5489 Email: [email protected]